| 000 | 00674nam a22002177a 4500 | ||
|---|---|---|---|
| 005 | 20240530110400.0 | ||
| 008 | 150119s2010 le b g r 000 0 ara d | ||
| 020 | _a978995328 | ||
| 040 | _aEG-CaGPL | ||
| 041 | 0 | _aara | |
| 082 | 0 | 4 |
_221 _a912 _bط/ع أ |
| 110 | 0 | _4عويدات للنشر و الطباعة | |
| 245 | 1 | 0 | _aاطلس بلدان العالم / |
| 250 | _aط 1 | ||
| 260 |
_aبيروت : _bدار عويدات للنشر و الطباعة ، _c2010 |
||
| 300 |
_a303 ص : _bخرائط ؛ _c28 سم |
||
| 651 | 0 | 4 |
_aالعالم _vالاطالس |
| 651 | 0 | 4 |
_aالعالم _vخرائط |
| 942 |
_2ddc _cBK |
||
| 999 |
_c60246 _d60246 |
||